Normal view MARC view

Entry Personal Name

Number of records used in: 1

001 - CONTROL NUMBER

  • control field: 168543

003 - CONTROL NUMBER IDENTIFIER

  • control field: OSt

005 - DATE AND TIME OF LATEST TRANSACTION

  • control field: 20220923225234.0

008 - FIXED-LENGTH DATA ELEMENTS

  • fixed length control field: 220923|| aca||aabn | a|a d

040 ## - CATALOGING SOURCE

  • Original cataloging agency: OSt
  • Transcribing agency: OSt

100 ## - HEADING--PERSONAL NAME

  • Personal name: मम्मट; सत्यव्रत सिंह, संपा

670 ## - SOURCE DATA FOUND

  • Source citation: Work cat.: (OSt)376942: मम्मट; सत्यव्रत सिंह, संपा., काव्यप्रकाशः हिन्दी व्याख्या साहित, 1960
Copyright @ Delhi University Library System